The Geography of Transport Systems /

Gespeichert in:
Bibliographische Detailangaben
1. Verfasser: Rodrigue, Jean-Paul (Verfasst von)
Format: Buch
Sprache:Englisch
Veröffentlicht: London: Routledge, 2024
Ausgabe:6. vyd.
Schlagworte:
Tags: Tag hinzufügen
Keine Tags, Fügen Sie das erste Tag hinzu!

MARC

LEADER 00000nam a22000003a 4500
001 0111508
003 SK-STU
005 20240930121226.8
007 ta
008 240930s ----xo-----e------000-0-----d
020 |a 9781003343196 
040 |a STU  |b slo 
041 0 |a eng  |h eng 
044 |a xxk 
100 1 |a Rodrigue, Jean-Paul   |4 aut 
245 1 0 |a The Geography of Transport Systems /  |c aut. Jean-Paul Rodrigue 
250 |a 6. vyd. 
260 |a London:  |b Routledge,  |c 2024 
300 |a 402 s.  
500 |a E-book 
650 0 7 |a dopravné systémy 
650 0 7 |a geografia 
650 0 7 |a e-kniha 
996 |c V* 29/EK  |l VVT  |s A  |a 24  |w 0111508_0001